The five dysfunctions of a team : (Registro nro. 10865)

Detalles MARC
000 -LIDER
fixed length control field 00684cam a22002654a 4500
001 - NÚMERO DE CONTROL
Identificador de número de control 61588
003 - IDENTIFICACDOR DE NÚMERO DE CONTROL
control field DO-SdBNP
005 - DATE AND TIME OF LATEST TRANSACTION
control field 20180126100051.0
007 - CAMPOS FIJOS DE DESCRIPCIÓN FÍSICA
fixed length control field 61588
008 - ELEMENTOS DE LONGITUD FIJA
fixed length control field 011210s2002 xx caua 000 0 eng
010 ## - NUMERO DE CONTROL DE BIBLIOTECA DEL CONGRESO
LC control number
020 ## - ISBN
International Standard Book Number 0787960756
040 ## - FUENTE DE CATALOGACIÓN
Agencia que crea de manera original el registro BPMSU
Agencia que realiza la transcripción spa
Agencia que realiza la modificación BPMSU
042 ## - CÓDIGO DE AUNTENTIFICACIÓN
Authentication code
050 00 - NÚMERO DE CLASIFICACIÓN BIBLIOTECA DEL CONGRESO
Classification number
Item number
082 00 - NÚMERO DE CLASIFICACIÓN DECIMAL DE DEWEY
Classification number
Edition number
100 1# - ASIENTO PRINCIPAL -- NOMBRE PERSONAL
Nombre personal Lencioni, Patrick,
Fechas asociadas con el nombre 1965-
245 14 - MENCIÓN DE TITULO
Título The five dysfunctions of a team :
Subtítulo a leadership fable /
Mención de responsabilidad Patrick Lencioni.
250 ## - MENCIÓN DE EDICION
Mención de edición
260 ## - PUBLICACIÓN, DISTRIBUCIÓN, ETC. (PIE DE IMPRENTA)
Lugar de publicación, distribución, etc Estados Unidos :
Nombre del editor, distribuidor, etc. Jossey-Bass,
Fecha de publicación, distribución, etc 2002.
300 ## - DESCRIPCIÓN FÍSICA
Extensión ix, 228 p. :
Otros detalles físicos il. ;
Dimensiones 22 cm.
942 ## - ADDED ENTRY ELEMENTS (KOHA)
Source of classification or shelving scheme Dewey Decimal Classification
Koha item type Libros
945 ## - INFORMACIÓN DE PROCESAMIENTO LOCAL
Información de procesamiento local Inventariado, 2018 / YL
956 ## - LOCAL ELECTRONIC LOCATION AND ACCESS (OCLC)
Nombre de host VMATEO
Número de acceso 10
Información de compresión BPMSU
Existencias
Withdrawn status Lost status Source of classification or shelving scheme Damaged status Not for loan Collection code Home library Current library Date acquired Source of acquisition Total Checkouts Barcode Date last seen Price effective from Koha item type
    Dewey Decimal Classification     Colección General Biblioteca Pública Metropolitana Salomé Ureña Biblioteca Pública Metropolitana Salomé Ureña 07/13/2016 Donado por Roberto Antonio Fernández   BPMSU16070449 07/13/2016 07/13/2016 Libros